1800'lerden 2000'lere emperyalizmin kıskacındaki Türkiye (Record no. 8903)
[ view plain ]
| 000 -BAŞLIK | |
|---|---|
| Sabit Uzunlukta Kontrol Alanı | 01011na a2200313 4500 |
| 001 - KONTROL NUMARASI | |
| Denetim Alanı | 15869 |
| 003 - KONTROL NUMARASI IDENTIFIER | |
| Denetim Alanı | MIRAKIL |
| 005 - SON İŞLEM TARİHİ VE ZAMANI | |
| Denetim Alanı | 20181213155227.0 |
| 008 - SABİT-BOY VERİ ELEMANLARI - GENEL BİLGİLER | |
| Sabit Uzunlukta Kontrol Alanı | 161207b tu 000 0 |
| 020 ## - ULUSLARARASI STANDART KİTAP NUMARASI | |
| Uluslararası Standart Kitap Numarası | 9752705294 |
| 035 ## - SİSTEM KONTROL NUMARASI | |
| Sistem Kontrol Numarası | 15869 |
| 040 ## - KATALOGLAMA KAYNAK | |
| Orijinal Kataloglama Ajansı | Milas |
| Kataloglama Dili | tur |
| Metne Dönüştürmek Ajansı | TR-AnCHP |
| 041 ## - DİL KODU | |
| Metin / Ses Parça Veya Ayrı Başlığın Dil Kodu | tur |
| 082 ## - DEWEY ONLU SINIFLANDIRMA NUMARASI | |
| Sınıflandırma Numarası | 325.32 |
| Ürün Numarası | U48b 2005 |
| 090 ## - SINIFLAMA NUMARASI | |
| Sınıflama Numarası | 325.32 U48b 2005 |
| 100 ## - ANA GİRİŞ - KİŞİSEL İSİM | |
| Kişisel Ad | Ulusoy, Kudret |
| Bir Adıyla İlişkilendirilen Tarihler | 1957- |
| 245 ## - BAŞLIK TABLOSU | |
| Başlık | 1800'lerden 2000'lere emperyalizmin kıskacındaki Türkiye |
| Sorumluluk Tablosu, Vb | Kudret Ulusoy ; yayına hazırlayan Hasan Fikret Türkel |
| 246 ## - UNVAN FORM VARYING | |
| Başlık Doğru / Kısa Başlığı | Emperyalizmin kıskacındaki Türkiye |
| 260 ## - YAYIN, DAĞITIM, VB | |
| Yayın, Dağıtım, Vb Yeri | Ankara |
| Yayıncı, Dağıtıcı, Vs Adı | [yayl.y.] |
| Yayın, Dağıtım, Vb Tarihi | 2005 |
| Üretici Firma | ALF Matbaacılık |
| 300 ## - FİZİKSEL TANIM | |
| Kapsam | 304 s. |
| Diğer Fiziksel Ayrıntıları | tbl. |
| Boyutlar | 20 sm. |
| 490 ## - SERİSİ TABLOSU | |
| Seri Beyanı | Türkeli |
| Hacim / Ardışık Tanımı | 2005/1 |
| 504 ## - KAYNAKÇA VB NOT | |
| Kaynakça Vb Notu | Kaynakça var. |
| 610 ## - KONU KATMA GİRİŞ - TOPLANTI ADI | |
| Giriş Elemanı Olarak Kurumsal Ad Veya Yargı Alanı Adı | IMF |
| Genel Alt Bölüm | Tarih |
| Coğrafi Alt Bölüm | Türkiye |
| 650 ## - KONU KATMA GİRİŞ - TOPİKAL DÖNEM | |
| Topikal Süreli Veya Coğrafi Ad Giriş Elemanı | Emperyalizm |
| Genel Alt Bölümü | Tarih |
| Coğrafi Alt Bölümü | Türkiye |
| 651 ## - KONU KATMA GİRİŞ - COĞRAFİ ADI | |
| Coğrafi İsim | Türkiye |
| Genel Alt Bölümü | Ekonomik durum |
| Kronolojik Alt Bölümü | Borçlanma |
| -- | Borçlanma |
| 651 ## - KONU KATMA GİRİŞ - COĞRAFİ ADI | |
| Coğrafi İsim | Türkiye |
| Genel Alt Bölümü | Dış borç |
| Kronolojik Alt Bölümü | Uluslararası Para Fonu (IMF) |
| 700 ## - KATMA GİRİŞ - KİŞİSEL İSİM | |
| Kişisel Ad | Türkel, Hasan Fikret |
| 942 ## - EKLENDİ GİRİŞ ELEMANLARI (KOHA) | |
| Sınıflandırma Veya Raf Düzeni Kaynak | |
| Koha Öğesi Türü | Books |
| 999 ## - SİSTEM KONTROL NUMARALARI (KOHA) | |
| Koha Biblionumber | 8903 |
| Koha Biblioitemnumber | 8903 |
| Kalıcı Konum | Mevcut Konum | Edinme Tarihi | Edinim Kaynak | Toplam Check-Out'Lar | Tam Çağrı Numarası | Barkod | Tarih Son Görülme | İtibaren Geçerli Fiyatlar | Koha Öğesi Türü | Kopya Sayısı |
|---|---|---|---|---|---|---|---|---|---|---|
| CHP Kütüphanesi | CHP Kütüphanesi | 09/25/2016 | Bağış | 325.32 U48b 2005 | 004205 | 09/25/2016 | 09/25/2016 | Books | ||
| CHP Kütüphanesi | CHP Kütüphanesi | 12/07/2016 | Bağış | 325.32 U48b 2005 | 005951 | 12/07/2016 | 12/07/2016 | Books | k.2 |
